| 000 | 01730nam0a2200349 4500 | ||
|---|---|---|---|
| 001 | RU\NLR\BIBL_A\010918440 | ||
| 005 | 20260406082216.0 | ||
| 010 |
_a978-5-94552-192-6 _9102 |
||
| 021 |
_aRU _b2015-87415 _95372 |
||
| 035 | _a(NILC)RuMoRGB-008064851 | ||
| 035 | _a(NLR Aleph) 010918440 | ||
| 090 |
_a10664770 _c10664770 |
||
| 100 | _a20151204d2015 |||y0rusy50 ca | ||
| 101 | 0 | _arus | |
| 102 | _aRU | ||
| 105 | _ay|||z||||01yd | ||
| 200 | 1 |
_aЭкстремистская организация "Нурджулар": история происхождения, деятельность, проблемы противодействия _eучебно-методическое пособие _fС. В. Моисеев, А. М. Шаганян _gМ-во внутренних дел Российской Федерации, Барнаульский юридический ин-т |
|
| 210 |
_aБарнаул _cБЮИ _d2015 |
||
| 215 |
_a30, [1] с. _d21 |
||
| 320 | _aБиблиогр.: с. 30 (23 назв.) | ||
| 601 | 0 | 2 |
_a"Нурджулар", международная религиозная организация _92271540 _3RU\NLR\AUTH\6601590417 |
| 686 | 1 | _aХ916.8 | |
| 686 | 1 | _aФ3(5)12 | |
| 700 | 1 |
_7ca _8rus _aМоисеев _bС. В. _cканд. ист. наук _gСергей Владимирович _3RU\NLR\AUTH\770276934 _92648901 |
|
| 701 | 1 |
_aШаганян _bА. М. _gАннета Михайловна |
|
| 801 | 0 |
_aRU _bРГБ _c20151110 _gRCR |
|
| 942 | _cBOOK | ||
| 980 | _aNBR | ||
| 980 | _aNB | ||